000
00283nam a2200121Ia 4500
008
231129s1952||||xx |||||||||||||| ||spa||
040
_b
spa
082
_a
R 540.3 E56q
245
0
_a
Enciclopedia de Quimica Industrial
260
_c
1952
264
_a
Gustavo Gili
942
_2
ddc
_c
BKS
999
_c
12968
_d
12968